Catalysts for Sustainable Hydrogen Production: Preparation, Applications and Process Integration (Record no. 25370)

MARC details
000 -LEADER
fixed length control field 01190nam a2200133Ia 4500
008 - FIXED-LENGTH DATA ELEMENTS--GENERAL INFORMATION
fixed length control field 220620s9999||||xx |||||||||||||| ||und||
020 ## - INTERNATIONAL STANDARD BOOK NUMBER
International Standard Book Number 9783040000000
245 #0 - TITLE STATEMENT
Title Catalysts for Sustainable Hydrogen Production: Preparation, Applications and Process Integration
546 ## - LANGUAGE NOTE
Language note English[eng]
650 ## - SUBJECT ADDED ENTRY--TOPICAL TERM
Topical term or geographic name entry element CO-PROX||CO-SMET||CO2 methanation||hydrogen purification||process integration||microalgae||acetic acid||steam reforming||hydrogen||cobalt||mesostructured materials||biomass conversion||hydrogen production||kinetic models||lignocellulosic residue||thermal degradation||water–gas shift||process intensification||structured catalysts||kinetics||aluminum alloy foam||ceria||platinum||rhenium||bioalcohol||reforming||coke||catalyst stability||active phase||support||promoter||ammonia borane||noble metal catalysts||chemical hydrogen||sulfurization||NiS-NiS2||stainless steel 304||hydrogen evolution||hydrogen energy and fuel cells||impurity||gasification||water splitting||dark-fermentation||photo-fermentation||CO gas-fermentation||bio-photolysis||electrolysis||n/a
700 ## - ADDED ENTRY--PERSONAL NAME
Personal name Martino, Marco||Ruocco, Concetta
856 ## - ELECTRONIC LOCATION AND ACCESS
Uniform Resource Identifier <a href="https://mdpi.com/books/pdfview/book/5228">https://mdpi.com/books/pdfview/book/5228</a>
942 ## - ADDED ENTRY ELEMENTS (KOHA)
Koha item type E-Books
Holdings
Withdrawn status Lost status Damaged status Not for loan Home library Current library Date acquired Total Checkouts Date last seen Price effective from Koha item type
        Kerala University of Digital Sciences, Innovation and Technology Knowledge Centre Kerala University of Digital Sciences, Innovation and Technology Knowledge Centre 20/06/2022   20/06/2022 20/06/2022 E-Books